| 000 | 01027cam a2200301 a 4500 | ||
|---|---|---|---|
| 999 |
_c28017 _d28017 |
||
| 001 | 2353061 | ||
| 005 | 20170213115445.0 | ||
| 008 | 850711s1984 txua bc 000 0 eng | ||
| 010 | _a 83091311 | ||
| 020 | _a0961289406 | ||
| 040 |
_aDLC _cDLC _dDLC |
||
| 041 | 1 | _aengger | |
| 050 | 0 | 0 |
_aN6888 _b.H58A4 1984 |
| 100 | 1 |
_aHitler, Adolf, _d1889-1945. |
|
| 240 | 1 | 0 |
_aAdolf Hitler als Maler und Zeichner. _lEnglish |
| 245 | 1 | 0 |
_aAdolf Hitler, the unknown artist / _cby Billy F. Price. |
| 250 | _aEnglish language ed. | ||
| 260 |
_aHouston, Tex. : _bB.F. Price, _cc1984. |
||
| 300 |
_a260 p. : _bill. (some col.) ; _c29 cm. |
||
| 500 | _aTranslation of: Adolf Hitler als Maler und Zeichner. | ||
| 504 | _aBibliography: p. 260. | ||
| 600 | 1 | 0 |
_aHitler, Adolf, _d1889-1945 _xCatalogs. |
| 700 | 1 | _aPrice, Billy F. | |
| 942 |
_2lcc _cBOOKS _hN6888 .H58A4 1984 |
||